Zwierzęta bez samogłosek #2 - Statystyki

Ogólne statystyki
  • Ten quiz został rozwiązany 1 836 razy
  • Średni wynik to 19 z 24
Statystyki odpowiedzi
Wskazówka Odpowiedź % Poprawnych
DLFN Delfin
100%
SŁŃ Słoń
100%
TGRS Tygrys
100%
FLMNG Flaming
97%
PSZCZŁ Pszczoła
95%
NSRŻC Nosorożec
94%
WLBŁD Wielbłąd
94%
KRKDL Krokodyl
93%
GPRD Gepard
92%
JLŃ Jeleń
92%
PJK Pająk
87%
GRL Goryl
86%
PNCRNK Pancernik
85%
MTL Motyl
84%
WDR Wydra
81%
WWRK Wiewiórka
76%
SM Sum
63%
LGTR Aligator
59%
SKŁ Sokół
59%
Osioł
57%
RNGTN Orangutan
55%
LBTRS Albatros
54%
M Emu
47%
MRWNK Mrównik
44%
Nie znaleziono quizów pasujących do podanych kryteriów
Rozkład punktacji
Procent ludzi z każdym wynikiem
Percentyl według liczby udzielonych odpowiedzi
Twoja historia wyników
Nie rozwiązałeś tego quizu